Регионална библиотека "Любен Каравелов" - Русе

Въпросник-упътване за събиране етнографски материали (Запис номер 191031)

MARC детайли
000 -Лидер
Контролно поле с фиксирана дължина 01592nam a2200325 c 4500
003 - Код на организацията, давaща контролен номер
Контролно поле BLK
005 - Дата и час на последна редакция
Контролно поле 20180422115744.0
008 - Елементи от данни с фиксирана дължина
fixed length control field 180411b bul|||||r ||||||| ||bul||
010 ## - Наследен системен номер
LC control number KNG00200183000
040 ## - Източник на каталожния запис
Идентификатор на билиотеката - собственик на записа BLK
041 ## - Код за език
Код за езика на текст/звукозапис или на отделно заглавие Български
Код за езика КДБФ Български
072 #7 - Код за тематичната категория
Код организация bullib
Код за тематична категория А
Текст Фонд Михаил Арнаудов
080 ## - УДК
Текстов определител УДК Етнология. Етнография. Нрави. Обичаи. Бит. Фолклористика. Вж и 572 ; 903 ; 904
УДК код - определител по УДК 39
УДК определител
УДК - код + определител 39
100 1# - Редна дума - Автор
Автор Вакарелски, Христо Томов
Авторска отговорност първи автор
R(LIN) 374652
139 ## - Редно поле
Редна дума Вакарелски, Христо Томов
Авторски знак Вак - В 17
245 10 - Сведения за заглавието
Заглавие Въпросник-упътване за събиране етнографски материали
Подзаглавни данни Т. 1 -
Редно поле (дума) Христо Томов Вакарелски.
Том Т. 2-3
Заглавие на том Духовна и обществена култура
257 ## - Страна на издаване
Страна на създаване/издаване България
260 ## - Област на издателските данни
-- София
Година на издаване 1931 -
Печатница Пловдив : Хр. Г. Данов
-- За том: София : Придворна печ.
300 ## - Физическа характеристика
Размери/Мащаб 27 см
380 ## - Жанр
Жанр Обществени науки
500 ## - Общи забележки
Забележка Прил. на Известия на Нар. етногр. музей в София. Г. Х, ХI, ХII
650 #4 - Допълнително описание по предмет – тема
Основно описание – тема или топоним Етнография
9 (RLIN) 155169
659 ## - Тематичен бюлетин
Тематичен бюлетин А
760 1# - Описание на основната серия
Редна дума на основното описание Вакарелски, Христо Томов
Място на издаване, издател и година 1935
Страници - том 92 с.
Забележка - том Мека подв., неразрязана
Заглавие Т. 2-3 Духовна и обществена култура
852 ## - Местоположение
Форматна сигнатура Цб МА 2743
856 4# - Електронен адрес и достъп
Електронен формат pdf - файл
Път до файла /url/
856 4# - Електронен адрес и достъп
Електронен формат pdf - файл
Път до файла /url/
942 ## - АРТИКУЛИ
Вид на библиотечния материал Книги
Скрит в OPAC Не
944 ## - СЪЗДАВАНЕ И РЕДАКЦИЯ на ЗАПИСА
Създаване/Редакция Създаване
Дата на регистрацията/редакция 08.02.2017
Служител, извършил регистрацията/редакцията Геновева_Генчева
944 ## - СЪЗДАВАНЕ И РЕДАКЦИЯ на ЗАПИСА
Създаване/Редакция Редакция
Дата на регистрацията/редакция 08.02.2017
Служител, извършил регистрацията/редакцията Геновева_Генчева
999 ## - СИСТЕМНИ КОНТРОЛНИ НОМЕРА
Koha biblionumber 191031
Koha biblioitemnumber 191031
Наличности
Код за отписване Код за изгубен артикул Източник на класификационната схема Код за повреда Коз за рестрикции Код за отдаване Артикулен № Име на библиотеката - собственик Име на библиотеката, в която се намира в момента Статус (Текущо местоположение) Дата на вписване в системата Местоположение - отдел Цена в лева Инвентарен номер Систематично азбучна сигнатура Баркод Номер на екземпляра Цена в евро Служебна бележка Служебен тип на артикула
  Не е изгубен Universal Decimal Classification Не е повреден само за читалня Специални фондове ( старопечатни, редки и ценни, фонд М. Арнаудов) 335752 Регионална библиотека "Любен Каравелов" Русе Регионална библиотека "Любен Каравелов" Русе Фонд "Михаил Арнаудов" 1973-01-01 Фонд "Михаил Арнаудов" 0.35 592282 МА 2743 120000592282 1 0.18 Дост: DA Вид: А N: стар фонд Дата: 01.01.1973 Книги
Vip Innovations Ltd, Rousse, Bulgaria 2025